Taylor Swift - Cruel Summer Lyrics - Statistics

General Stats
  • This quiz has been taken 487 times
  • The average score is 310 of 365
Answer Stats
Answer % Correct
I
99%
"I
99%
the
99%
You
99%
you
99%
you"
99%
a
98%
it
98%
in
97%
of
96%
summer
96%
cruel
95%
that
95%
to
95%
And
94%
it's
94%
It's
94%
I'm
93%
"I'm
93%
"i'm
93%
night
92%
car
91%
back
90%
He
90%
just
90%
know
90%
devil
89%
got
89%
like
89%
true
89%
What
89%
what
89%
with
89%
baby
88%
bar
88%
blue
88%
But
88%
but
88%
drunk
88%
ever
88%
keep
88%
want
88%
your
88%
don't
87%
from
87%
love
87%
oh
87%
Oh
87%
body
86%
coming
86%
for
86%
home
86%
shape
86%
wasn't
86%
fine"
85%
me
84%
my
84%
thing
84%
feeling
83%
heard?
83%
Said
83%
secrets
83%
worst
83%
cried
82%
i've
82%
I've
82%
wanna
82%
ain't
81%
be
81%
dream
81%
every
81%
gate
81%
new
81%
up
81%
garden
80%
high
80%
looks
80%
dice
79%
eyes
79%
No
79%
roll
79%
angels
77%
whatever
77%
Devils
76%
makes
76%
more
76%
their
76%
fate
75%
Fever
75%
kill
75%
snuck
75%
worth
75%
grinning
74%
quiet
74%
through
74%
boy
73%
doesn't
73%
seal
73%
waiting
73%
always
71%
Bad
71%
bad
71%
toy
71%
last
68%
screamed
68%
shiny
68%
window
67%
if
66%
bought
65%
price
65%
slow
65%
you'll
65%
machine
64%
not
64%
out
64%
rules
62%
below
61%
bleed
61%
that's
61%
vending
61%
cool
60%
cut
60%
say
60%
tell
60%
head
58%
heaven
58%
Killing
58%
So
58%
caught
57%
low
57%
trying
57%
'em
56%
we're
56%
glow
52%
times
52%
woah
50%
dying
49%
these
49%
breakable
48%
summer's
48%
we'll
48%
knife
47%
screw
47%
bone
46%
Hang
46%
headlights
41%
No matching quizzes found
Score Distribution
Percent of People with Each Score
Percentile by Number Answered
Your Score History
You have not taken this quiz